[Event "LTU-ch Rapid"]
[Site "Taujenai"]
[Date "2022.12.04"]
[Round "9"]
[White "Likatavicius, Rapolas"]
[Black "Voroblievas, Arturas"]
[Result "1-0"]
[WhiteElo "1967"]
[BlackElo "1668"]
[PlyCount "62"]
[EventDate "2022.12.03"]
[EventType "swiss (rapid)"]
[EventRounds "10"]
[EventCountry "LTU"]
[SourceTitle "CBM 211 Extra"]
[Source "ChessBase"]
[SourceDate "2023.01.31"]
[SourceVersion "1"]
[SourceVersionDate "2023.01.31"]
[SourceQuality "1"]

1. d4 d5 2. c4 c6 3. cxd5 cxd5 4. Bf4 Nf6 5. e3 Nc6 6. Bd3 e6 7. Nc3 a6 8. Nf3 Bd6 9. Bg3 0-0 10. 0-0 Bxg3 11. hxg3 Qd6 12. Rc1 Bd7 13. Bb1 h6 14. a3 b5 15. b4 Rfb8 16. Qd3 e5 17. dxe5 Nxe5 18. Nxe5 Qxe5 19. Rfd1 Be6 20. Ne2 Rc8 21. Nd4 Qd6 22. Nb3 g6 23. Nc5 Bf5 24. Qd4 Bxb1 25. Rxb1 Qe7 26. Qd3 Rd8 27. Rb2 Ng4 28. Qb3 Qe5 29. Rbd2 Nf6 30. Rd4 h5 31. e4 Re8 1-0

[Event "LTU-ch Rapid"]
[Site "Taujenai"]
[Date "2022.12.03"]
[Round "4"]
[White "Persinas, Vilius"]
[Black "Likatavicius, Rapolas"]
[Result "1-0"]
[WhiteElo "1695"]
[BlackElo "1967"]
[PlyCount "69"]
[EventDate "2022.12.03"]
[EventType "swiss (rapid)"]
[EventRounds "10"]
[EventCountry "LTU"]
[SourceTitle "CBM 211 Extra"]
[Source "ChessBase"]
[SourceDate "2023.01.31"]
[SourceVersion "1"]
[SourceVersionDate "2023.01.31"]
[SourceQuality "1"]

1. c4 e6 2. Nf3 d5 3. g3 dxc4 4. Bg2 Nf6 5. 0-0 c6 6. a4 b5 7. b3 cxb3 8. Qxb3 b4 9. a5 Be7 10. d4 0-0 11. Bd2 Qd5 12. Qb2 Qb5 13. e3 Bb7 14. Rc1 c5 15. dxc5 Nd5 16. Nd4 Qd7 17. Bxb4 Nc6 18. Be1 Rab8 19. Qe2 Bf6 20. Rd1 Qc8 21. a6 Ba8 22. Nc3 Ncb4 23. Nxd5 Nxd5 24. Rac1 h6 25. Ba5 Bd8 26. Bxd8 Rxd8 27. Qa2 Nb4 28. Qa4 Bxg2 29. Kxg2 Nxa6 30. c6 e5 31. Nf3 Rxd1 32. Rxd1 Rb4 33. Qc2 Rb5 34. Qe4 Qe6 35. Rd8+ 1-0

[Event "LTU-chT"]
[Site "Lithuania"]
[Date "2022.03.11"]
[Round "1.1"]
[White "Miezis, Normunds"]
[Black "Likatavicius, Rapolas"]
[Result "1-0"]
[WhiteElo "2445"]
[BlackElo "1959"]
[PlyCount "125"]
[EventDate "2022.03.11"]
[EventType "team-swiss"]
[EventRounds "7"]
[EventCountry "LTU"]
[SourceTitle "CBM 207 Extra"]
[Source "ChessBase"]
[SourceDate "2022.05.31"]
[SourceVersion "1"]
[SourceVersionDate "2022.05.31"]
[SourceQuality "1"]
[WhiteTeam "Panevezio Gigant"]
[BlackTeam "Vilnius Tauras"]
[WhiteTeamCountry "LTU"]
[BlackTeamCountry "LTU"]

1. c4 e6 2. e4 d5 3. exd5 exd5 4. d4 Nf6 5. Nc3 Bb4 6. Nf3 0-0 7. Be2 dxc4 8. Bxc4 Re8+ 9. Be3 Be6 10. Bxe6 Rxe6 11. 0-0 c6 12. Qb3 Na6 13. a3 Bxc3 14. bxc3 Qb6 15. Qc2 Nd5 16. Bd2 Qc7 17. c4 Nf4 18. Rfe1 Rae8 19. Rxe6 Nxe6 20. Re1 Qd7 21. Bc3 Nac7 22. g3 b5 23. Ne5 Qd6 24. Qd2 bxc4 25. Nxc4 Qd5 26. Qd3 Ng5 27. Rxe8+ Nxe8 28. h4 Nh3+ 29. Kf1 Qh1+ 30. Ke2 Nf6 31. Qf5 h5 32. Ne5 Qc1 33. Qxh3 Qxc3 34. Qc8+ Kh7 35. Qxc6 Qxd4 36. Nf3 Qg4 37. Kf1 Qf5 38. Ng5+ Kg6 39. a4 Qd3+ 40. Kg1 a5 41. Qb6 Qd1+ 42. Kh2 Qd5 43. Qb1+ Kh6 44. f3 Qd2+ 45. Kh1 Qd5 46. Qc2 Qd7 47. Kg2 Qd5 48. Kf1 Qd7 49. Ke2 Qd5 50. Qd3 Qxd3+ 51. Kxd3 Kg6 52. Kc4 Nd7 53. Kb5 Ne5 54. Kxa5 f6 55. Ne6 Nxf3 56. Kb5 Kf7 57. Nf4 Nd4+ 58. Kb6 Nb3 59. a5 Nxa5 60. Kxa5 g5 61. hxg5 fxg5 62. Nxh5 Ke6 63. g4 1-0

[Event "Vilnius City-ch"]
[Site "Vilnius"]
[Date "2021.11.22"]
[Round "5"]
[White "Valantiejus, Vaidotas"]
[Black "Likatavicius, Rapolas"]
[Result "1/2-1/2"]
[WhiteElo "2068"]
[BlackElo "1910"]
[PlyCount "54"]
[EventDate "2021.11.15"]
[EventType "swiss"]
[EventRounds "7"]
[EventCountry "LTU"]
[SourceTitle "CBM 205 Extra"]
[Source "ChessBase"]
[SourceDate "2022.01.31"]
[SourceVersion "1"]
[SourceVersionDate "2022.01.31"]
[SourceQuality "1"]

1. e4 e5 2. Nf3 d6 3. d4 Bg4 4. dxe5 Nc6 5. Bb5 dxe5 6. Bxc6+ bxc6 7. Qxd8+ Rxd8 8. Be3 Nf6 9. Nbd2 Nd7 10. h3 Bh5 11. Nc4 f6 12. Nfd2 Bc5 13. Nb3 Bb6 14. Nba5 Nb8 15. Nb7 Rd7 16. Nc5 Rd8 17. Nd2 Ke7 18. Ndb3 Nd7 19. a4 a5 20. Nxd7 Rxd7 21. Nc5 Bxc5 22. Bxc5+ Ke6 23. Be3 Rb8 24. b3 Bg6 25. f3 f5 26. exf5+ Bxf5 27. Rc1 Rd5 1/2-1/2

[Event "Vilnius City-ch"]
[Site "Vilnius"]
[Date "2021.11.17"]
[Round "2"]
[White "Vazgauskas, Povilas"]
[Black "Likatavicius, Rapolas"]
[Result "0-1"]
[WhiteElo "1526"]
[BlackElo "1910"]
[PlyCount "64"]
[EventDate "2021.11.15"]
[EventType "swiss"]
[EventRounds "7"]
[EventCountry "LTU"]
[SourceTitle "CBM 205 Extra"]
[Source "ChessBase"]
[SourceDate "2022.01.31"]
[SourceVersion "1"]
[SourceVersionDate "2022.01.31"]
[SourceQuality "1"]

1. e4 c5 2. Nf3 a6 3. d4 cxd4 4. Nxd4 Nf6 5. Nc3 e5 6. Nf3 Bb4 7. Bd3 d5 8. exd5 e4 9. Qe2 Bxc3+ 10. bxc3 0-0 11. c4 exd3 12. Qxd3 Qe7+ 13. Kf1 Qe4 14. Qc3 b5 15. Nd2 Qf5 16. Bb2 bxc4 17. f3 Nbd7 18. Ne4 Rb8 19. Nd6 Qxd5 20. Ba3 Qe5 21. Qe1 Qxe1+ 22. Rxe1 Nb6 23. Kf2 Be6 24. g4 Rfd8 25. Re2 Nc8 26. Nxc8 Rdxc8 27. g5 Nd5 28. Bd6 Rb2 29. a3 Bf5 30. Rc1 Nc3 31. Be5 Nxe2 32. Bxb2 Nxc1 0-1

[Event "LTU-ch U18 Rapid"]
[Site "Vilnius"]
[Date "2021.09.19"]
[Round "7"]
[White "Likatavicius, Rapolas"]
[Black "Juksta, Karolis"]
[Result "1-0"]
[WhiteElo "1903"]
[BlackElo "2152"]
[PlyCount "87"]
[EventDate "2021.09.18"]
[EventType "swiss (rapid)"]
[EventRounds "7"]
[EventCountry "LTU"]
[SourceTitle "EXT 2023"]
[Source "ChessBase"]
[SourceDate "2022.10.05"]
[SourceVersion "1"]
[SourceVersionDate "2022.10.05"]
[SourceQuality "1"]

1. d4 e6 2. Nc3 d5 3. Bf4 Nf6 4. e3 Bd6 5. Bg3 a6 6. Nf3 0-0 7. Bd3 c5 8. 0-0 Nc6 9. Re1 b5 10. a3 Bb7 11. dxc5 Bxc5 12. e4 Nd4 13. e5 Nxf3+ 14. Qxf3 Nd7 15. Qh5 g6 16. Qh6 f5 17. exf6 Qxf6 18. Kh1 e5 19. f3 Rae8 20. h4 Rf7 21. Rad1 Bd4 22. Bf1 e4 23. fxe4 dxe4 24. Qg5 Qxg5 25. hxg5 Bc5 26. a4 Nb6 27. axb5 axb5 28. Nxb5 Rf5 29. Nd6 Rxg5 30. Nxe8 Rh5+ 31. Bh2 Be7 32. Be2 Rh6 33. Rf1 g5 34. Rf5 Bc8 35. Re5 Kf7 36. Nc7 Bd6 37. Rxd6 Rxd6 38. Rxe4 Rc6 39. c3 Bb7 40. Rb4 Bc8 41. Bf3 Rh6 42. Kg1 Ke7 43. Rxb6 Rxb6 44. Nd5+ 1-0

[Event "LTU-ch U18 Rapid"]
[Site "Vilnius"]
[Date "2021.09.18"]
[Round "2"]
[White "Ravlusevic, Evelina"]
[Black "Likatavicius, Rapolas"]
[Result "0-1"]
[WhiteElo "1732"]
[BlackElo "1903"]
[PlyCount "62"]
[EventDate "2021.09.18"]
[EventType "swiss (rapid)"]
[EventRounds "7"]
[EventCountry "LTU"]
[SourceTitle "EXT 2023"]
[Source "ChessBase"]
[SourceDate "2022.10.05"]
[SourceVersion "1"]
[SourceVersionDate "2022.10.05"]
[SourceQuality "1"]

1. d4 d5 2. c4 c6 3. Nf3 Nf6 4. g3 Bf5 5. Bg2 e6 6. 0-0 Be7 7. Nbd2 Nbd7 8. b3 0-0 9. Bb2 b5 10. Nh4 Bg4 11. h3 Bh5 12. g4 Bg6 13. Nxg6 hxg6 14. Rc1 bxc4 15. bxc4 Rb8 16. Qc2 Qb6 17. Rb1 Qa6 18. Ra1 Rfc8 19. Rfc1 c5 20. cxd5 cxd4 21. Qb1 Nxd5 22. Rxc8+ Qxc8 23. Nb3 Bf6 24. Qd1 Nc3 25. Qd2 Qc4 26. Bf1 Nc5 27. Bxc3 dxc3 28. Qd6 Rc8 29. e4 Nxe4 30. Qf4 Qa4 31. Bd3 Nc5 0-1

[Event "LTU-ch U18"]
[Site "Vilnius"]
[Date "2021.06.02"]
[Round "1"]
[White "Butvilas, Aistis"]
[Black "Likatavicius, Rapolas"]
[Result "1/2-1/2"]
[WhiteElo "2115"]
[BlackElo "1896"]
[PlyCount "69"]
[EventDate "2021.06.02"]
[EventType "swiss"]
[EventRounds "7"]
[EventCountry "LTU"]
[SourceTitle "EXT 2023"]
[Source "ChessBase"]
[SourceDate "2022.10.05"]
[SourceVersion "1"]
[SourceVersionDate "2022.10.05"]
[SourceQuality "1"]

1. d4 d5 2. c4 e6 3. Nc3 Nf6 4. cxd5 exd5 5. Bg5 c6 6. e3 Nbd7 7. Bd3 Bd6 8. Nf3 Nf8 9. Qc2 Ne6 10. Bh4 g6 11. 0-0 Ng7 12. e4 dxe4 13. Nxe4 Be7 14. Nxf6+ Bxf6 15. Rfe1+ Ne6 16. Bxf6 Qxf6 17. d5 cxd5 18. Qc5 Qe7 19. Bb5+ Bd7 20. Bxd7+ Qxd7 21. Ng5 Rc8 22. Nxe6 fxe6 23. Qa3 b6 24. Re5 Qe7 25. Qa4+ Kf7 26. Rae1 Rhe8 27. b3 Rc7 28. h4 Rec8 29. Qf4+ Qf6 30. Qh6 Qg7 31. Qf4+ Qf6 32. Qxf6+ Kxf6 33. Rxe6+ Kf7 34. Rd6 Re7 35. Rxe7+ 1/2-1/2

[Event "LTU-chT"]
[Site "Lithuania"]
[Date "2021.05.09"]
[Round "4.3"]
[White "Likatavicius, Rapolas"]
[Black "Indriunas, Matas"]
[Result "0-1"]
[WhiteElo "1929"]
[BlackElo "2227"]
[PlyCount "64"]
[EventDate "2021.05.07"]
[EventType "team-swiss"]
[EventRounds "7"]
[EventCountry "LTU"]
[SourceTitle "CBM 202 Extra"]
[Source "ChessBase"]
[SourceDate "2021.07.31"]
[SourceVersion "1"]
[SourceVersionDate "2021.07.31"]
[SourceQuality "1"]
[WhiteTeam "Vilnius Tauras"]
[BlackTeam "Vilnius Chess United"]
[WhiteTeamCountry "LTU"]
[BlackTeamCountry "LTU"]

1. d4 Nf6 2. g3 d5 3. Bg2 e6 4. Nf3 c6 5. 0-0 Be7 6. c4 0-0 7. Nbd2 b6 8. Qc2 Bb7 9. e4 dxe4 10. Nxe4 Nxe4 11. Qxe4 Nd7 12. Bf4 Qc8 13. Ne5 Nxe5 14. Bxe5 Qd7 15. Rad1 g5 16. d5 cxd5 17. cxd5 Bxd5 18. Qg4 Rad8 19. h4 Qb7 20. Rxd5 exd5 21. hxg5 Qd7 22. Qd4 Bxg5 23. Kh2 f6 24. Bf4 Bxf4 25. gxf4 Kh8 26. Bh3 Qd6 27. Bf5 Qc5 28. Qd1 Rf7 29. Qh5 Rg7 30. Qh4 Qe7 31. Rd1 d4 32. Rd3 Qe1 0-1

[Event "Klaipeda Sea rapid op 16th"]
[Site "Klaipeda"]
[Date "2019.07.27"]
[Round "2"]
[White "Armonaitis, Silvestras"]
[Black "Likatavicius, Rapolas"]
[Result "1-0"]
[WhiteElo "2086"]
[BlackElo "1857"]
[PlyCount "57"]
[EventDate "2019.07.27"]
[EventType "swiss (rapid)"]
[EventRounds "7"]
[EventCountry "LTU"]
[SourceTitle "CBM 191 Extra"]
[Source "ChessBase"]
[SourceDate "2019.09.30"]
[SourceVersion "1"]
[SourceVersionDate "2019.09.30"]
[SourceQuality "1"]

1. e4 c5 2. Nc3 Nc6 3. Bb5 g6 4. Bxc6 bxc6 5. d3 Bg7 6. f4 d6 7. h3 Nf6 8. Nf3 Ba6 9. 0-0 0-0 10. Qe1 Rb8 11. b3 d5 12. e5 Nd7 13. Qf2 e6 14. Na4 d4 15. Ba3 Qe7 16. Nxd4 Bb5 17. Nxb5 cxb5 18. Bxc5 Nxc5 19. Nxc5 f6 20. Qe3 Rfc8 21. d4 fxe5 22. fxe5 Rf8 23. Rxf8+ Rxf8 24. Rf1 Rxf1+ 25. Kxf1 Qh4 26. Nxe6 Qh5 27. Qf3 Qh6 28. Nf4 Qg5 29. Qd5+ 1-0

[Event "LTU-chT"]
[Site "Lithuania"]
[Date "2019.03.30"]
[Round "4.4"]
[White "Likatavicius, Rapolas"]
[Black "Liandzbergas, Mykolas"]
[Result "1-0"]
[WhiteElo "1720"]
[BlackElo "1442"]
[PlyCount "57"]
[EventDate "2019.01.26"]
[EventType "team-swiss"]
[EventRounds "7"]
[EventCountry "LTU"]
[SourceTitle "CBM 189 Extra"]
[Source "ChessBase"]
[SourceDate "2019.06.03"]
[SourceVersion "1"]
[SourceVersionDate "2019.06.03"]
[SourceQuality "1"]
[WhiteTeam "Vilnius Tauras"]
[BlackTeam "Marijampole Suduvos Ateitis"]
[WhiteTeamCountry "LTU"]
[BlackTeamCountry "LTU"]

1. d4 e6 2. Nf3 f5 3. c4 c6 4. g3 Nf6 5. Bg2 d5 6. 0-0 Bd6 7. Nc3 0-0 8. Ne5 Bd7 9. Bf4 Be8 10. Qb3 Qc7 11. c5 Bxe5 12. Bxe5 Qc8 13. Bd6 Rf7 14. f3 g5 15. e4 Kg7 16. Qc2 Bd7 17. Rae1 Ne8 18. Be5+ Kg8 19. Qd2 h6 20. Re2 b6 21. b4 Na6 22. Na4 Qb7 23. h4 Ng7 24. hxg5 hxg5 25. a3 fxe4 26. fxe4 Rxf1+ 27. Bxf1 b5 28. Qxg5 Be8 29. Bh3 1-0

[Event "LTU-chT"]
[Site "Lithuania"]
[Date "2019.01.27"]
[Round "2.7"]
[White "Likatavicius, Rapolas"]
[Black "Uoka, Virginijus"]
[Result "1-0"]
[WhiteElo "1720"]
[BlackElo "1255"]
[PlyCount "45"]
[EventDate "2019.01.26"]
[EventType "team-swiss"]
[EventRounds "7"]
[EventCountry "LTU"]
[SourceTitle "CBM 188 Extra"]
[Source "ChessBase"]
[SourceDate "2019.02.26"]
[SourceVersion "1"]
[SourceVersionDate "2019.02.26"]
[SourceQuality "1"]
[WhiteTeam "Vilnius Tauras"]
[BlackTeam "Rokiskis"]
[WhiteTeamCountry "LTU"]
[BlackTeamCountry "LTU"]

1. d4 d5 2. Nf3 Nf6 3. Bf4 e6 4. e3 Bd6 5. Bg3 0-0 6. Nbd2 Nc6 7. c3 Re8 8. Ne5 Bd7 9. Bd3 Qe7 10. 0-0 a6 11. f4 b5 12. Bh4 Nb8 13. g4 Qf8 14. Qf3 c5 15. g5 cxd4 16. exd4 b4 17. gxf6 gxf6 18. Bxf6 Qh6 19. Bg5 Qg7 20. Kh1 Kh8 21. Qh5 Be7 22. Rg1 Bb5 23. Bf6 1-0

[Event "LTU-chT"]
[Site "Lithuania"]
[Date "2019.01.26"]
[Round "1.7"]
[White "Kaunas, Kestutis"]
[Black "Likatavicius, Rapolas"]
[Result "1-0"]
[WhiteElo "2156"]
[BlackElo "1720"]
[PlyCount "137"]
[EventDate "2019.01.26"]
[EventType "team-swiss"]
[EventRounds "7"]
[EventCountry "LTU"]
[SourceTitle "CBM 188 Extra"]
[Source "ChessBase"]
[SourceDate "2019.02.26"]
[SourceVersion "1"]
[SourceVersionDate "2019.02.26"]
[SourceQuality "1"]
[WhiteTeam "Kaunas Gambiteriai"]
[BlackTeam "Vilnius Tauras"]
[WhiteTeamCountry "LTU"]
[BlackTeamCountry "LTU"]

1. d4 d5 2. c4 e6 3. Nf3 Nf6 4. Nc3 c5 5. cxd5 cxd4 6. Qxd4 Nxd5 7. Bg5 Qa5 8. Bd2 Nc6 9. Nxd5 Qxd5 10. Qxd5 exd5 11. e3 a6 12. Be2 Bf5 13. Bc3 Be7 14. Rd1 Rd8 15. 0-0 0-0 16. Rd2 Rd7 17. Rfd1 Rfd8 18. a3 b5 19. h3 h6 20. Nd4 Nxd4 21. Bxd4 b4 22. a4 Ra8 23. Bb6 Be6 24. a5 Bd8 25. Bxd8 Raxd8 26. e4 d4 27. Bxa6 Ra7 28. Be2 Rxa5 29. Rxd4 Rxd4 30. Rxd4 b3 31. f4 f6 32. Kf2 Rc5 33. Ke3 Rc1 34. Rd1 Rc2 35. Rd2 Rc1 36. Bd1 Kf8 37. g4 Ke7 38. e5 fxe5 39. fxe5 Rc5 40. Ke4 Rc4+ 41. Kf3 Rc5 42. Ke4 Rc4+ 43. Kd3 Rc5 44. Ke4 Rc4+ 45. Kf3 Rc5 46. Rd3 Rb5 47. Ke4 g6 48. Kd4 Rd5+ 49. Kc3 Rc5+ 50. Kb4 Rxe5 51. Bxb3 Bxb3 52. Kxb3 h5 53. Kc4 Re4+ 54. Rd4 Re3 55. gxh5 Rxh3 56. hxg6 Rg3 57. b4 Rxg6 58. Kc5 Rg2 59. b5 Rb2 60. Kc6 Rc2+ 61. Kb7 Rb2 62. b6 Rb1 63. Kc7 Rc1+ 64. Kb8 Rb1 65. b7 Ra1 66. Kc7 Rc1+ 67. Kb6 Rb1+ 68. Kc6 Rb2 69. Rd5 1-0

[Event "Vilnius Zavanelli Memorial op-B"]
[Site "Vilnius"]
[Date "2018.10.28"]
[Round "6"]
[White "Rutkauskas, Gediminas"]
[Black "Likatavicius, Rapolas"]
[Result "1-0"]
[WhiteElo "1812"]
[BlackElo "1752"]
[PlyCount "76"]
[EventDate "2018.10.25"]
[EventType "swiss"]
[EventRounds "7"]
[EventCountry "LTU"]
[SourceTitle "EXT 2021"]
[Source "ChessBase"]
[SourceDate "2020.10.23"]
[SourceVersion "1"]
[SourceVersionDate "2020.10.23"]
[SourceQuality "1"]

1. e4 d5 2. exd5 Nf6 3. d4 Bg4 4. Be2 Bxe2 5. Qxe2 Qxd5 6. Nf3 e6 7. 0-0 Be7 8. Nc3 Qh5 9. Qb5+ Qxb5 10. Nxb5 Na6 11. Bf4 Nd5 12. Bg3 c6 13. Nd6+ Bxd6 14. Bxd6 Rd8 15. Ba3 c5 16. dxc5 Rc8 17. c4 Ndb4 18. Bxb4 Nxb4 19. a3 Nd3 20. b4 0-0 21. Rad1 Nb2 22. Rd7 b6 23. Rxa7 bxc5 24. b5 Nxc4 25. Rc1 Nd6 26. a4 Ra8 27. Rd7 Nc8 28. Rxc5 Rxa4 29. h3 g6 30. Rdc7 Nb6 31. Rb7 Nd5 32. Ne5 Rb4 33. Rc6 Ra4 34. Nd7 Rd8 35. Ra6 Rd4 36. Nb6 Nc7 37. Rxc7 Rb4 38. Rc5 h5 1-0

[Event "Vilnius Zavanelli Memorial op-B"]
[Site "Vilnius"]
[Date "2018.10.26"]
[Round "2"]
[White "Ketlerius, Arijus"]
[Black "Likatavicius, Rapolas"]
[Result "1-0"]
[WhiteElo "1823"]
[BlackElo "1752"]
[PlyCount "55"]
[EventDate "2018.10.25"]
[EventType "swiss"]
[EventRounds "7"]
[EventCountry "LTU"]
[SourceTitle "CBM 187 Extra"]
[Source "ChessBase"]
[SourceDate "2018.11.04"]
[SourceVersion "1"]
[SourceVersionDate "2018.11.04"]
[SourceQuality "1"]

1. Nf3 d5 2. c4 e6 3. g3 Nf6 4. Bg2 c5 5. 0-0 Nc6 6. b3 Be7 7. cxd5 exd5 8. d4 b6 9. Bb2 Bb7 10. Nbd2 0-0 11. Rc1 Ne4 12. dxc5 Bxc5 13. a3 a5 14. Rc2 Qe7 15. Qa1 f5 16. Nd4 Nxd4 17. Bxd4 Rac8 18. Bxc5 Rxc5 19. Rxc5 bxc5 20. Nxe4 fxe4 21. e3 a4 22. bxa4 Ra8 23. Rb1 Bc6 24. Rb6 Bxa4 25. Qb2 Ra7 26. Bh3 Kf8 27. Be6 d4 28. exd4 1-0

[Event "Vilnius Zavanelli Memorial op-B"]
[Site "Vilnius"]
[Date "2018.10.26"]
[Round "3"]
[White "Likatavicius, Rapolas"]
[Black "Cibulskis, Vaclovas"]
[Result "1/2-1/2"]
[WhiteElo "1752"]
[BlackElo "1817"]
[PlyCount "146"]
[EventDate "2018.10.25"]
[EventType "swiss"]
[EventRounds "7"]
[EventCountry "LTU"]
[SourceTitle "CBM 187 Extra"]
[Source "ChessBase"]
[SourceDate "2018.11.04"]
[SourceVersion "1"]
[SourceVersionDate "2018.11.04"]
[SourceQuality "1"]

1. d4 d5 2. Nf3 Nf6 3. Bf4 e6 4. e3 c5 5. c3 Nc6 6. h3 a6 7. Bd3 c4 8. Bc2 b5 9. Nbd2 Bd6 10. Bxd6 Qxd6 11. e4 dxe4 12. Nxe4 Nxe4 13. Bxe4 Bb7 14. 0-0 0-0 15. Qe2 Rab8 16. Rad1 Ne7 17. a3 Bxe4 18. Qxe4 Nd5 19. Ng5 Nf6 20. Qf3 Rfe8 21. Ne4 Nxe4 22. Qxe4 Qd5 23. Qf5 Rb7 24. Rfe1 h6 25. Re5 Qc6 26. Rde1 Rbe7 27. Rc5 Qd6 28. Qf3 Rc7 29. Rxc7 Qxc7 30. Re5 Qd7 31. Rc5 Rc8 32. Rh5 Kh7 33. Re5 Kg8 34. Qe4 Qc6 35. Qh4 Qd7 36. Qe4 Qc6 37. Qg4 Re8 38. Rc5 Qd7 39. Qh5 Rc8 40. Re5 Kf8 41. g4 f6 42. Re3 Qd6 43. h4 Re8 44. g5 Qd5 45. Qg6 hxg5 46. hxg5 Qxg5+ 47. Qxg5 fxg5 48. Re5 Kf7 49. Rxg5 Rb8 50. Rc5 Rb6 51. Kg2 a5 52. a4 bxa4 53. Rxa5 Rxb2 54. Rxa4 e5 55. Rxc4 exd4 56. Rxd4 Rc2 57. Rc4 Kf6 58. Kf3 g5 59. Rc5 Rc1 60. Ke3 Re1+ 61. Kd2 Rf1 62. Ke2 Rc1 63. Ke3 Re1+ 64. Kd2 Rf1 65. Ke2 Rc1 66. f3 Rc2+ 67. Kd3 Rc1 68. Ra5 Rf1 69. Ke4 Re1+ 70. Kd4 Rf1 71. Ke3 Re1+ 72. Kd2 Rf1 73. Ke2 Rc1 1/2-1/2

[Event "Vilnius Zavanelli Memorial op-B"]
[Site "Vilnius"]
[Date "2018.10.25"]
[Round "1"]
[White "Likatavicius, Rapolas"]
[Black "Poska, Karolis"]
[Result "0-1"]
[WhiteElo "1752"]
[BlackElo "1942"]
[PlyCount "40"]
[EventDate "2018.10.25"]
[EventType "swiss"]
[EventRounds "7"]
[EventCountry "LTU"]
[SourceTitle "CBM 187 Extra"]
[Source "ChessBase"]
[SourceDate "2018.11.04"]
[SourceVersion "1"]
[SourceVersionDate "2018.11.04"]
[SourceQuality "1"]

1. d4 d5 2. Nf3 Nf6 3. Bf4 c5 4. c3 Qb6 5. Qb3 c4 6. Qxb6 axb6 7. Na3 Bd7 8. Ne5 Bc6 9. Nxc6 bxc6 10. e3 Nbd7 11. Be2 e5 12. dxe5 Bxa3 13. bxa3 Ne4 14. Bg4 Ndc5 15. 0-0 Rxa3 16. Rfb1 b5 17. e6 Nxe6 18. Bxe6 fxe6 19. Be5 0-0 20. Rc1 Rxf2 0-1

[Event "EU Union-ch U14"]
[Site "Kouty nad Desnou"]
[Date "2017.08.26"]
[Round "8"]
[White "Likatavicius, Rapolas"]
[Black "Lazniewski, Marcin"]
[Result "1-0"]
[WhiteElo "1402"]
[BlackElo "1153"]
[PlyCount "65"]
[EventDate "2017.08.19"]
[EventType "swiss"]
[EventRounds "9"]
[EventCountry "CZE"]
[SourceTitle "CBM 180 Extra"]
[Source "ChessBase"]
[SourceDate "2017.10.06"]
[SourceVersion "1"]
[SourceVersionDate "2017.10.06"]
[SourceQuality "1"]

1. d4 d5 2. Nf3 e6 3. Bf4 Nf6 4. e3 c6 5. c3 Nbd7 6. h3 Be7 7. Bd3 b6 8. Nbd2 Bb7 9. 0-0 h6 10. Re1 Qc8 11. Ne5 Nxe5 12. Bxe5 Qd8 13. e4 a6 14. f4 Kf8 15. Bxf6 Bxf6 16. e5 Be7 17. f5 Bc8 18. Rf1 Bg5 19. Nb3 a5 20. a4 Ke8 21. fxe6 Bxe6 22. Bf5 Qc8 23. g4 g6 24. Bxe6 Qxe6 25. Qf3 Ra7 26. Qg3 Rh7 27. Rae1 Rd7 28. h4 Bd8 29. Rf6 Bxf6 30. exf6 Qxe1+ 31. Qxe1+ Kf8 32. Qe5 Kg8 33. Qe8# 1-0

[Event "EU Union-ch U14"]
[Site "Kouty nad Desnou"]
[Date "2017.08.19"]
[Round "1"]
[White "Likatavicius, Rapolas"]
[Black "Antal, Jakub"]
[Result "1/2-1/2"]
[WhiteElo "1402"]
[BlackElo "1887"]
[PlyCount "47"]
[EventDate "2017.08.19"]
[EventType "swiss"]
[EventRounds "9"]
[EventCountry "CZE"]
[SourceTitle "CBM 180 Extra"]
[Source "ChessBase"]
[SourceDate "2017.10.06"]
[SourceVersion "1"]
[SourceVersionDate "2017.10.06"]
[SourceQuality "1"]

1. d4 Nf6 2. Nf3 g6 3. Bf4 Bg7 4. h3 0-0 5. e3 d6 6. Be2 c5 7. c3 cxd4 8. cxd4 Nc6 9. Nc3 Qa5 10. 0-0 e5 11. Bh2 Bf5 12. Qb3 Ne4 13. Rfd1 exd4 14. Nxd4 Nxd4 15. exd4 Nxc3 16. bxc3 Qc7 17. Bf3 Rac8 18. Qxb7 Qxc3 19. Bxd6 Rfd8 20. Be5 Rd7 21. Qb3 Bxe5 22. Qxc3 Rxc3 23. dxe5 Bxh3 24. gxh3 1/2-1/2

[Event "LTU-ch U14"]
[Site "Kaunas"]
[Date "2017.04.10"]
[Round "8"]
[White "Likatavicius, Rapolas"]
[Black "Boyajyan, David"]
[Result "0-1"]
[WhiteElo "1389"]
[BlackElo "1664"]
[PlyCount "86"]
[EventDate "2017.04.05"]
[EventType "swiss"]
[EventRounds "8"]
[EventCountry "LTU"]
[SourceTitle "CBM 177 Extra"]
[Source "ChessBase"]
[SourceDate "2017.04.27"]
[SourceVersion "1"]
[SourceVersionDate "2017.04.27"]
[SourceQuality "1"]

1. d4 e6 2. e4 d5 3. exd5 exd5 4. Bd3 Nf6 5. Nf3 Bd6 6. Bg5 0-0 7. 0-0 Bg4 8. Nbd2 Nbd7 9. c3 c6 10. Qc2 Qc7 11. Rfe1 Rae8 12. h3 Bh5 13. Rxe8 Rxe8 14. Re1 Rxe1+ 15. Nxe1 Bg6 16. Bxg6 hxg6 17. Qd3 Qd8 18. Qe3 Qe7 19. Qxe7 Bxe7 20. f4 Kf8 21. Nd3 Ne4 22. Nxe4 dxe4 23. Bxe7+ Kxe7 24. Ne5 Nxe5 25. fxe5 Ke6 26. Kf2 Kd5 27. Ke3 b5 28. g4 g5 29. b3 a5 30. Kd2 a4 31. Ke3 a3 32. c4+ bxc4 33. bxc4+ Kxc4 34. Kxe4 Kc3 35. Ke3 g6 36. Ke4 Kc4 37. Ke3 c5 38. dxc5 Kxc5 39. Kd3 Kd5 40. Kc3 Kxe5 41. Kb3 f5 42. Kc3 f4 43. Kd3 Kd5 0-1

[Event "LTU-ch U14"]
[Site "Kaunas"]
[Date "2017.04.08"]
[Round "6"]
[White "Likatavicius, Rapolas"]
[Black "Ionin, Ilja"]
[Result "1-0"]
[WhiteElo "1389"]
[BlackElo "1329"]
[PlyCount "61"]
[EventDate "2017.04.05"]
[EventType "swiss"]
[EventRounds "8"]
[EventCountry "LTU"]
[SourceTitle "CBM 177 Extra"]
[Source "ChessBase"]
[SourceDate "2017.04.27"]
[SourceVersion "1"]
[SourceVersionDate "2017.04.27"]
[SourceQuality "1"]

1. d4 Nf6 2. Nf3 e6 3. c4 b6 4. Nc3 Bb4 5. Bg5 Bxc3+ 6. bxc3 d6 7. Qc2 Nbd7 8. e4 e5 9. Bd3 Qe7 10. 0-0 0-0 11. Rae1 Bb7 12. Nd2 h6 13. Bh4 Qe6 14. f4 exf4 15. Bxf6 Qxf6 16. g3 g5 17. Re2 Kh8 18. Kh1 Qg7 19. gxf4 g4 20. Rg2 f5 21. d5 Nc5 22. exf5 Nxd3 23. Qxd3 Rf6 24. Rfg1 h5 25. h3 Raf8 26. hxg4 hxg4 27. Rh2+ Rh6 28. Qd4 Rff6 29. Rxg4 Rxh2+ 30. Kxh2 Qh6+ 31. Kg3 1-0